Common F-Stops Quiz Stats

 Plays Quiz not verified by Sporcle

Also try: 'Golden' Things
Challenge
Share
Tweet
Embed
Score 0/26 Timer 03:00
0 Plays Today
F-Stops % Correct
4
100%
5.6
100%
4
100%
2
94.7%
8
94.7%
16
94.7%
1
94.7%
2
94.7%
8
94.7%
22
89.5%
1.4
84.2%
11
84.2%
2.8
78.9%
F-Stops % Correct
32
73.7%
30
68.4%
60
68.4%
250
63.2%
500
63.2%
1000
63.2%
15
57.9%
125
52.6%
2000
36.8%
45
26.3%
B
21.1%
T
15.8%
90
10.5%

You're not logged in!

Compare scores with friends on all Sporcle quizzes.
Join for Free
OR
Log In

You Might Also Like...

Show Comments

Extras

Created Mar 11, 2011ReportNominate
Tags:common, photography, speed, stop

Top Quizzes Today


Score Distribution

Your Account Isn't Verified!

In order to create a playlist on Sporcle, you need to verify the email address you used during registration. Go to your Sporcle Settings to finish the process.

Report this User

Report this user for behavior that violates our Community Guidelines.

Details: